Responses for Show #5612 - Tuesday, January 20, 2009

Matt Kohlstedt game 2.

Contestants

[<< previous game]

Rebecca Wilkinson, a director of finance and administration from Alexandria, Virginia

Jerry Pyzansky, a legal assistant from Boca Raton, Florida

Matt Kohlstedt, a graduate student originally from La Grange, Illinois (whose 1-day cash winnings total $21,000)

[next game >>]

Jeopardy! Round responses

WEAPONS OF MASS INSTRUCTION
YOU DON'T MESS WITH THE LOHAN
THERE'S NO PLACE LIKE HOME
STUPID GEOGRAPHIC ANSWERS
SHALL WE REPRODUCE?
YOU "GO" FIRST
    $200 22
Dr. Phil

Rebecca
    $200 2
Paris Hilton

Matt
    $200 16
Victorian

Matt
    $200 11
South Africa

Jerry
    $200 17
an egg

Matt
    $200 1
goalie

Jerry
    $400 23
Dr. Spock

Rebecca
    $400 3
Hilary Duff

Matt
    $400 27
(Frank Lloyd) Wright

Jerry
    $400 12
Djibouti

Matt
    $400 18
die

Matt
    $400 7
(Jerry: What is a goat?)

a goatee

JerryRebecca
    $600 24
Deepak Chopra

Rebecca
    $600 4
Jessica Simpson

Matt
    $600 28
the Dakota

Rebecca
    $600 13
the North Sea

Jerry
    $600 19
sexual & asexual

Rebecca
    $600 8
Gopher

Matt
    $800 25
South Beach

Rebecca
    $800 5
Ugly Betty

Jerry
    $800 29
(Jerry: What's Versailles?)

Buckingham Palace

Jerry
Triple Stumper
    $800 14
the Arabian peninsula

Matt
    $800 20
(Matt: [Pause] What is pollination?)

cross-pollination

MattJerry
    $800 9
"Goldfinger"

Jerry
    $1000 26
(Alfred) Kinsey

Matt
    $1000 6
Dina Lohan

Triple Stumper
    $1,000 30
Federal

Rebecca
    $1000 15
the Kansas River

Jerry
    $1000 21
(Jerry: What's grafting?)

budding

Jerry
Triple Stumper
    $1000 10
the Golan Heights

Jerry

Scores at the first commercial break (after clue 15):

Matt Jerry Rebecca
$3,000 $4,200 $400

Scores at the end of the Jeopardy! Round:

Matt Jerry Rebecca
$4,000 $3,600 $4,600

Double Jeopardy! Round responses

ITALIAN HISTORY
MOVIES IN OTHER WORDS (SORT OF)
AMERICAN, LIT
ASTRONOMY
ART MUSEUMS
ENDS IN "GHT"
    $400 25
Venice

Matt
    $400 1
The Silence of the Lambs

Matt
    $400 6
(Jerry: What's the Pulitzer Prize?)

the Nobel Prize (for Literature)

MattJerry
    $400 21
(Jerry: Uhh...what are planets?)

stars

MattJerry
    $400 11
(Jerry: What's Cardiff?)
(Matt: What's Auckland?)

Sydney

MattJerry
Triple Stumper
    $400 16
a dogfight

Jerry
    $800 2
The Sound of Music

Rebecca
    $800 7
Stephen King

Jerry
    $800 22
Mercury

Matt
    $800 12
iPods

Matt
    $800 17
straight

Jerry
    $1200 3
Terms of Endearment

Rebecca
    $1200 8
(Edgar Allan) Poe

Jerry
    $1200 23
temperature

Matt
    $1200 13
(Jerry: What is the Prado?)
...
(Alex: Delacroix--French.)

the Louvre

MattJerry
    $1200 18
twilight (or twinight)

Rebecca
    $3,000 26
[The end-of-round signal sounds.]

the Pope

Matt
    $1600 4
Death of a Salesman

Jerry
    $1600 9
(Matt: Who is Dashiell Hammett?)

Raymond Chandler

Matt
Triple Stumper
    $1600 24
a comet

Jerry
    $2,200 14
(Matt: What is the Royal Art Museum?)

the National Portrait Gallery

Matt
    $1600 19
your own weight

Matt
    $2000 5
Reversal of Fortune

Triple Stumper
    $2000 10
(Jerry: Who is Burroughs?)

Charles Bukowski

Jerry
Triple Stumper
    $2000 15
Washington, D.C.

Rebecca
    $2000 20
thought

Rebecca

Scores at the end of the Double Jeopardy! Round:

Matt Jerry Rebecca
$10,000 $5,600 $11,800

[wagering suggestions for these scores]

Final Jeopardy! Round responses

GEOGRAPHIC PROCESS OF ELIMINATION
(Alex: No, we put all those "-stan"s in alphabetical order, and the next one on the list was [*].)
JerryWhat is India China?
$5,000
MattWhat is Pakistan?
$6,400
RebeccaWhat is Russia?
$8,201
Uzbekistan

Final scores:

Matt Jerry Rebecca
$3,600 $600 $3,599
2-day champion: $24,600 3rd place: $1,000 2nd place: $2,000

Game dynamics:

Coryat scores:

Matt Jerry Rebecca
$10,800 $5,600 $11,800
20 R
(including 1 DD),
4 W
(including 1 DD)
15 R,
8 W
13 R
(including 1 DD),
0 W

Combined Coryat: $28,200

[game clues] [game scores] [suggest correction]

Game tape date: 2008-11-12
The J! Archive is created by fans, for fans. Scraping, republication, monetization, and malicious use prohibited; this site may use cookies and collect identifying information. See terms. The Jeopardy! game show and all elements thereof, including but not limited to copyright and trademark thereto, are the property of Jeopardy Productions, Inc. and are protected under law. This website is not affiliated with, sponsored by, or operated by Jeopardy Productions, Inc. Join the discussion at JBoard.tv.